| 000 | 01164nam0a22002891 4500 | ||
|---|---|---|---|
| 001 | rc\3354535 | ||
| 005 | 20250609183234.0 | ||
| 021 |
_aRU _b[71-89603] |
||
| 035 | _a(NLR Aleph) 007438299 | ||
| 090 |
_a7088582 _c7088582 |
||
| 100 | _a20130115d1971 |||y0rusy50 ca | ||
| 101 | 0 | _arus | |
| 102 | _aRU | ||
| 105 | _ac z |||a| | ||
| 200 | 1 |
_aПьесы _e[Переводы _fПослесл. И. Киселева, с. 379-398 |
|
| 210 |
_aМосква _cИскусство _d1971] |
||
| 215 |
_a399 с., 1 л. портр. _d17 |
||
| 327 | 1 | _aСодерж.: Камо; Мария; Последняя встреча; Фауст и смерть; Гроза над Гавойями | |
| 464 | 0 |
_12001#$aКамо$aМария$aПоследняя встреча$aФауст и смерть$aГроза над Гавойями _tГроза над Гавойями |
|
| 700 | 1 |
_7ca _8rus _aЛевада _bА. С. _f1909-1995 _gАлександр Степанович _9211748 _3RU\NLR\AUTH\770211804 |
|
| 702 | 1 |
_aКиселев _bИ. _4080 |
|
| 801 | 0 |
_aRU _bNLR _gpsbo |
|
| 801 | 1 |
_aRU _bELAR _2rusmarc |
|
| 852 |
_aNLR _j71-2/2482 |
||
| 942 | _cBOOK | ||
| 980 | _aNB | ||